000
00234nam a2200109Ia 4500
008
190216s9999||||xx |||||||||||||| ||und||
100
_a
Khalid
245
0
_a
Simham
260
_b
Chintha Publishers
650
_a
Malayalam
942
_c
BK
999
_c
26198
_d
26198